000 00475nam a2200169Ia 4500
999 _c114
_d114
003 OSt
005 20210906112756.0
008 190216s9999||||xx |||||||||||||| ||und||
040 _coclc
082 _a892.78
_bALI/Q
100 _a Ali Nadvi, Abdul Hasan
_98724
245 0 _aAl Qiraatul Rashidah /
_cAbdul Hasan Ali Nadvi
260 _bNadvatul Ulama,
_aLucknow:
300 _a176p
650 _aArabic
942 _cBK
_2ddc
_h892.78
_iALI/Q
_k892.78
_mALI/Q